Coupes du monde de football - Plusieurs possibilités - Statistiques

Statistiques générales
  • Ce quiz a été pris 363 fois
    294 depuis la dernière actualisation
  • Le résultat moyen est 20 sur 25
Statistiques - réponses
Question Réponses % Correct
Pays ayant marqué entre 100 et 200 buts depuis la création de la Coupe du monde Argentine | Italie | France
100%
Un des 7 pays ayant pris à au moins 15 éditions Brésil | Allemagne | Italie | Argentine | France | Uruguay | Angleterre | Espagne
100%
Pays n'ayant marqué aucun but lors de la finale (hors tirs au but) Brésil | Argentine | Italie | Allemagne | Pays-Bas
100%
Pays ayant gagné deux fois la compétition France | Uruguay
100%
Pays ayant organisé deux fois la compétition Italie | Allemagne | Mexique | Brésil | France
100%
Pays européen existant toujours ayant disputé une finale au moins Italie | Hongrie | Suède | Angleterre | Pays-Bas | France | Allemagne | Croatie
100%
Pays organisateur ayant gagné la compétition Uruguay | Italie | Angleterre | Argentine | France
100%
Pays ayant mis au moins 4 buts lors de la finale Uruguay | Italie | Brésil | Angleterre | France
100%
Pays n'ayant encaissé que deux buts en phase finale Italie | Espagne | France
99%
Pays ayant terminé au moins 3 fois à la deuxième place Allemagne | Argentine | Pays-Bas
98%
Pays européen ayant organisé la compétition dans les années 1930 France | Italie
98%
Pays disparu ayant disputé une finale ou une petite finale de la compétition Allemagne de l'Ouest | Yougoslavie | URSS | Tchécoslovaquie
97%
Année au cours de laquelle le Brésil a disputé la grande finale 1950 | 1958 | 1962 | 1970 | 1994 | 1998 | 2002
95%
Pays n'ayant disputé qu'une finale et l'ayant gagnée Angleterre | Espagne
95%
Pays ayant marqué au moins 200 buts depuis la création de la Coupe du monde Brésil | Allemagne
95%
Année d'une finale entre nations européennes 1934 | 1938 | 1954 | 1966 | 1974 | 1982 | 2006 | 2010 | 2018
93%
Un des joueurs ayant marqué trois buts en finale Pelé | Vava | Hurst | Zidane | Mbappé
90%
Français ayant fait partie des meilleurs buteurs d'une édition Just Fontaine | Zinédine Zidane
86%
Le nombre de pays participants à la phase finale a augmenté en 1982 | 2002
70%
Pays prenant par à la compétition pour la 1ère fois en 2002 Chine | Equateur | Sénégal | Slovénie
48%
Pays prenant par à la compétition pour la 1ère fois en 1986 Canada | Danemark | Irak
35%
Pays prenant par à la compétition pour la 1ère fois en 1970 Israël | Maroc | Salvador
35%
Nom d'un des géants ayant parcouru les rues de Paris avant l'ouverture de la coupe de 1998 Ho | Moussa | Pablo | Roméo
23%
Nationalité du joueur ayant marqué le 1er but de l'histoire de la compétition ou le 1000e Française | Néerlandaise
22%
Nom de famille de frères ayant gagné ensemble une coupe du monde Walter | Charlton
9%
Aucun quiz correspondant
Distribution des résultats
% des personnes avec chaque résultat
Percentile par nombre de réponses
Votre historique - résultats
Vous n’avez pas pris ce quiz depuis la dernière actualisation